Memorias de un hombre palabra

Uloženo v:
Podrobná bibliografie
Hlavní autor: Naranjo, Carmen 1928-2012
Médium: Kniha
Jazyk:Spanish
Vydáno: San José, Costa Rica Editorial Costa Rica 1976
Témata:
Tagy: Přidat tag
Žádné tagy, Buďte první, kdo vytvoří štítek k tomuto záznamu!

MARC

LEADER 00000nam a22000007a 4500
007 ta
008 140319s1976 cr |||g |||| 000 f spa d
040 |a cru CIICLA Universidad de Costa Rica 
082 |a CR863.4 N218m  
100 1 |a Naranjo, Carmen  |d 1928-2012  |9 78 
245 |a Memorias de un hombre palabra  |c Carmen Naranjo 
260 |a San José, Costa Rica  |b Editorial Costa Rica  |c 1976 
300 |a 137 páginas 
650 7 |9 76  |a LITERATURA COSTARRICENSE  |v NOVELA 
942 |2 ddc  |c BK 
999 |c 3243  |d 3243